Evaluacion de Productos Educativos Para Computadora (Record no. 68534)

MARC details
000 -CABECERA
campo de control de longitud fija 00482nam a2200169 a 4500
005 - FECHA Y HORA DE LA ÚLTIMA TRANSACCIÓN
campo de control 20210219153113.0
008 - ELEMENTOS DE LONGITUD FIJA--INFORMACIÓN GENERAL
campo de control de longitud fija 991125n 000 0 spa u
035 ## - NÚMERO DE CONTROL DEL SISTEMA
Número de control de sistema UPN01000078148
100 ## - ASIENTO PRINCIPAL--NOMBRE PERSONAL
Nombre de persona Bernardino de Campos, Gilda Helena
222 ## - TÍTULO CLAVE
Título clave TECNOLOGIA Y COMUNICACION EDUCATIVAS
245 ## - MENCIÓN DE TÍTULO
Título Evaluacion de Productos Educativos Para Computadora
300 ## - DESCRIPCIÓN FÍSICA
Extensión 35-40
362 ## - FECHAS DE PUBLICACIÓN Y/O DESIGNACIÓN SECUENCIAL
Fecha de publicación y/o designación secuencial 1991 Ano 6, No. 18
700 ## - ASIENTO SECUNDARIO--NOMBRE DE PERSONAL
Nombre de persona Elliot, Ligia G.
904 ## - ELEMENTOS DE DATOS D LOCAL, LDD (RLIN)
a AC
b 015959
905 ## - TIPO DE MATERIAL
Tipo de material Articulo

No items available.